Minnesota Wild 2025-2026 Roster - Statistics

General Stats
  • This quiz has been taken 101 times
    63 since last reset
  • The average score is 20 of 25
Answer Stats
Jersey # Pos Player % Correct
97 LW Kirill Kaprizov
97%
7 D Brock Faber
94%
12 LW Matt Boldy
94%
36 RW Mats Zuccarello
91%
43 D Quinn Hughes
91%
32 G Filip Gustavsson
88%
46 D Jared Spurgeon
88%
5 D Jake Middleton
85%
30 G Jesper Wallstedt
85%
38 RW Ryan Hartman
85%
14 C Joel Eriksson Ek
82%
17 LW Marcus Foligno
82%
71 LW Nick Foligno
82%
25 D Jonas Brodin
76%
90 LW Marcus Johansson
74%
47 C Michael McCarron
74%
13 C Yakov Trenin
74%
10 RW Bobby Brink
71%
22 RW Danila Yurov
71%
24 D Zach Bogosian
71%
91 RW Vladimir Tarasenko
65%
48 D Daemon Hunt
62%
2 D Jeff Petry
62%
78 C Nico Sturm
62%
21 C Robby Fabbri
44%
No matching quizzes found
Score Distribution
Percent of People with Each Score
Percentile by Number Answered
Your Score History
You have not taken this quiz since the last reset